Giganci Technologii #4 - Amazon - Statystyki

Ogólne statystyki
  • Ten quiz został rozwiązany 14 razy
  • Średni wynik to 6 z 16
Statystyki odpowiedzi
Wskazówka Odpowiedź % Poprawnych
Usługa subskrypcyjna Amazon obejmująca bezpłatną dostawę „w ciągu dwóch dni” Amazon {Prime}
92%
Założyciel Amazon Jeff Bezos
77%
„Osobisty asystent” Amazona, który w teorii może udzielić odpowiedzi na proste pytania Alexa
69%
Aktywność najczęściej transmitowana na platformie Twitch firmy Amazon Gry wideo
54%
Urządzenie do czytania e-booków firmy Amazon Kindle
54%
Jedyne, co Amazon sprzedawał na początku swojej działalności Książki
54%
Gazeta zakupiona przez założyciela Amazona w 2013 roku(podpowiedź: Watergate) Washington Post
31%
Urządzenie typu tablet firmy Amazon Fire Tablet
23%
Jedyna amerykańska firma z większymi przychodami niż Amazon (na razie) Wal-Mart
23%
Inteligentny głośnik wyprodukowany przez Amazon Echo
15%
Marka inteligentnego dzwonka do drzwi przejęta w 2018 roku Ring
15%
Miasto, w którym znajduje się główna siedziba firmy Amazon Seattle
15%
Sieć sklepów z zabawkami, która ogłosiła upadłość w 2017 roku z powodu niemożności konkurowania z Amazonem Toys "R" Us
15%
Produkt sprzedawany przez spółkę zależną Amazon Zappos Buty
8%
Usługa Amazon, na której opiera się JetPunk Hosting stron internetowych
8%
Sieć sklepów spożywczych przejęta w 2017 roku Whole Foods
8%
Nie znaleziono quizów pasujących do podanych kryteriów
Rozkład punktacji
Procent ludzi z każdym wynikiem
Percentyl według liczby udzielonych odpowiedzi
Twoja historia wyników
Nie rozwiązałeś tego quizu